ბათუმის შოთა რუსთაველის სახელმწიფო უნივერსიტეტის ბიბლიოთეკა

State and diplomacy in early modern Japan : (ბიბ.ჩანაწერი № 63954)

000 -LEADER
fixed length control field 00980nam a22002057a 4500
005 - DATE AND TIME OF LATEST TRANSACTION
control field 20260226172610.0
008 - FIXED-LENGTH DATA ELEMENTS--GENERAL INFORMATION
fixed length control field 260226s1991 enk||||| |||| 00| 0 eng d
020 ## - INTERNATIONAL STANDARD BOOK NUMBER
International Standard Book Number 9780804719520x
041 ## - LANGUAGE CODE
Language code of text/sound track or separate title eng
080 ## - UNIVERSAL DECIMAL CLASSIFICATION NUMBER
Universal Decimal Classification number 327(520)(09) : 94(520) T-67
100 ## - MAIN ENTRY--PERSONAL NAME
Personal name Toby, Ronald P.
9 (RLIN) 26999
245 ## - TITLE STATEMENT
Title State and diplomacy in early modern Japan :
Remainder of title Asia in the develop. of the Tokugawa Bakufu /
Statement of responsibility, etc. Ronald P. Toby.
264 ## - PRODUCTION, PUBLICATION, DISTRIBUTION, MANUFACTURE, AND COPYRIGHT NOTICE
Place of production, publication, distribution, manufacture Stanford :
Name of producer, publisher, distributor, manufacturer Stanford Univ. press,
Date of production, publication, distribution, manufacture, or copyright notice 1991.
300 ## - PHYSICAL DESCRIPTION
Extent 309 p. :
Other physical details ill. ;
Dimensions 23 cm.
500 ## - GENERAL NOTE
General note Bibliogr.: p. 263-289.
653 ## - INDEX TERM--UNCONTROLLED
keyword იაპონიის საგარეო პოლიტიკის ისტორია
653 ## - INDEX TERM--UNCONTROLLED
keyword აღმ. აზიის საგარეო პოლიტიკის ისტორია
653 ## - INDEX TERM--UNCONTROLLED
keyword იაპონია-აღმ. აზიის საერთაშორისო ურთიერთობების ისტორია-XV-XIX სს.
942 ## - ADDED ENTRY ELEMENTS (KOHA)
Source of classification or shelving scheme
Koha item type წიგნი
ეგზემპლარები
Withdrawn status Lost status Source of classification or shelving scheme Damaged status Not for loan Permanent Location Current Location Shelving location Date acquired Cost, normal purchase price Full call number Barcode Date last seen Copy number Uniform Resource Identifier Price effective from Koha item type Public note
          ბათუმის შოთა რუსთაველის სახელმწიფო უნივერსიტეტის მთავარი ბიბლიოთეკა ბათუმის შოთა რუსთაველის სახელმწიფო უნივერსიტეტის მთავარი ბიბლიოთეკა წიგნსაცავი 2026-02-26 12.00 327(520)(09) : 94(520) T-67 73841 2026-02-26 73841 იაპონიის ელჩის საჩუქარი 2026-02-26 წიგნი 12 ლ.